Engineering mechanics dynamics / (Record no. 8864)
[ view plain ]
| 000 -LEADER | |
|---|---|
| fixed length control field | 00780cam a22002654a 4500 |
| 001 - CONTROL NUMBER | |
| JCCL Control Number | 8864 |
| 003 - CONTROL NUMBER IDENTIFIER | |
| JCCL marc code | BD-JhCC |
| 005 - DATE AND TIME OF LATEST TRANSACTION | |
| control field | 20180714175044.0 |
| 008 - FIXED-LENGTH DATA ELEMENTS--GENERAL INFORMATION | |
| fixed length control field | 100518s1961 nyua 000 0 eng |
| 035 ## - SYSTEM CONTROL NUMBER | |
| system control number | (BD-JhCC)8864 |
| 040 ## - CATALOGING SOURCE | |
| Original cataloging agency | DLC |
| Transcribing agency | DLC |
| Modifying agency | DLC |
| -- | BD-JhCC |
| 041 ## - LANGUAGE CODE | |
| Language code of Book | eng |
| 050 00 - LIBRARY OF CONGRESS CALL NUMBER | |
| Classification number | TA350 |
| Item number | .M387 2011 |
| 082 00 - DEWEY DECIMAL CLASSIFICATION NUMBER | |
| Classification number | 620.1/04 |
| DDC Edition number | 22 |
| Author mark and Year | COO 1961 |
| 100 ## - MAIN ENTRY--PERSONAL NAME | |
| Personal name | Cook, David I. |
| 245 10 - TITLE STATEMENT | |
| Title | Engineering mechanics dynamics / |
| Statement of responsibility, etc | David I. Cook and Donald N. Pierce |
| 260 ## - PUBLICATION, DISTRIBUTION, ETC. (IMPRINT) | |
| Place of publication, distribution, etc | New York : |
| Name of publisher, distributor, etc | International Textbook Company, |
| Date of publication, distribution, etc | 1961 |
| 300 ## - PHYSICAL DESCRIPTION | |
| Pagination | 336 p. : |
| Other physical details | ill. ; |
| Dimensions | 24 cm. |
| 504 ## - BIBLIOGRAPHY, ETC. NOTE | |
| Bibliography, etc | Includes index. |
| 650 #0 - SUBJECT ADDED ENTRY--TOPICAL TERM | |
| Topical term or geographic name as entry element | Mechanics, Applied |
| Form subdivision | Outlines, syllabi, etc. |
| 650 #0 - SUBJECT ADDED ENTRY--TOPICAL TERM | |
| Topical term or geographic name as entry element | Dynamics |
| Form subdivision | Outlines, syllabi, etc. |
| 700 ## - ADDED ENTRY--PERSONAL NAME | |
| Personal name | Pierce, Donald N. |
| 942 ## - ADDED ENTRY ELEMENTS (KOHA) | |
| Source of classification or shelving scheme | Dewey Decimal Classification |
| Koha item type | Books |
| Source of classification or shelving scheme | Damaged status | Not for loan | Home library | Current library | Shelving location | Total Checkouts | Full call number | Barcode | Date last seen | Copy number | Koha item type |
|---|---|---|---|---|---|---|---|---|---|---|---|
| Dewey Decimal Classification | JCC Rouf Library | JCC Rouf Library | General Stacks | 620.1/04 COO 1961 | 11880 | 03/05/2018 | C - 1 | Books |